000 00974nam a22002657a 4500
999 _c5444
_d5444
003 AR-CdUCM
008 190312b ||||| |||| 00| 0 spa d
040 _aMUNICIPALIDAD PROVINCIAL DEL CUSCO
_cBIBLIOTECA MUNICIPAL DEL CUSCO
041 _heng
082 _a980.6 /
_bG66
100 _aGoldman, Irving
_916382
245 _aLos cubeo :
_bindios del noroeste del amazonas /
260 _aMéxico, D. F :
_bEspeciales,
_c1968.
300 _a404 paginas ;
_c22 cm.
440 _aEspeciales
_n49
_916383
500 _atitulo original: The cubeo. Indians of the northweat amazon.
505 _aLa comunidad cubeo -- Vida económica -- El SIB -- Parentesco -- Matrimonio -- Liderazgo y autoridad -- Desarrollo del individuo ...
650 _aHistoria cubeo
_916384
650 _aParentesco
_916385
650 _aMatrimonio
_916386
650 _aLiderazgo y autoridad
_916387
710 _aInstituto indigenista interamericano
_99802
942 _2ddc
_cLIBROS
945 _aacv